Psychology applied to work : an introduction to industrial and organizational psychology /

Gardado en:
Detalles Bibliográficos
Autor Principal: Muchinsky, Paul M.
Formato: Libro
Idioma:English
Publicado: Belmont, CA ; London : Wadsworth Pub, 1999.
Edición:6th ed.
Những chủ đề:
Các nhãn: Engadir etiqueta
Sen Etiquetas, Sexa o primeiro en etiquetar este rexistro!
Thư viện lưu trữ: Mạng thư viện Đại học Đà Nẵng
LEADER 00909cam a2200337 i 4500
001 000045508
003 4691
005 20030227163414.0
008 010220|1999 vm 000 eng
020 |a 0534362524 
040 |a IRC  |c IRC  |d IRC 
041 0 |a eng 
082 1 4 |a 158.7  |b MU-P 
100 1 |a Muchinsky, Paul M. 
245 0 0 |a Psychology applied to work :  |b an introduction to industrial and organizational psychology /  |c Paul M. Muchinsky. 
250 |a 6th ed. 
260 |a Belmont, CA ; London :  |b Wadsworth Pub,  |c 1999. 
300 |a xxiv, 551p. 
630 0 4 |a Psychology. 
650 0 4 |a Psychology, Industrial. 
650 0 4 |a Organisational behaviour. 
OWN |a DUT 
999 |a From the UDN01 
TYP |a Monograph 
TYP |a Printed language 
980 |a Mạng thư viện Đại học Đà Nẵng